[Event "Guardamar Esphouses op 1st"]
[Site "Guardamar del Segura"]
[Date "2023.09.07"]
[Round "5"]
[White "Lopez Martinez, Jaime"]
[Black "Yuste Valenzuela, Alejandro"]
[Result "1/2-1/2"]
[WhiteElo "1990"]
[BlackElo "2090"]
[PlyCount "61"]
[EventDate "2023.09.04"]
[EventType "swiss"]
[EventRounds "9"]
[EventCountry "ESP"]
[SourceTitle "EXT 2024"]
[Source "ChessBase"]
[SourceDate "2023.10.10"]
[SourceVersion "1"]
[SourceVersionDate "2023.10.10"]
[SourceQuality "1"]

1. e4 c5 2. Nf3 Nc6 3. d4 cxd4 4. Nxd4 g6 5. Nc3 Bg7 6. Be3 Nf6 7. Bc4 Qa5 8. 0-0 0-0 9. Bb3 d6 10. h3 Bd7 11. Re1 Rfc8 12. Nd5 Re8 13. Bd2 Qc5 14. Nxc6 Nxd5 15. exd5 bxc6 16. Be3 Qb5 17. Bd4 Bxd4 18. Qxd4 cxd5 19. Bxd5 Bc6 20. c4 Qb7 21. Re3 e5 22. Bxc6 Qxc6 23. Qd2 Qxc4 24. Qxd6 Rad8 25. Qf6 Qd4 26. Rae1 Rd6 27. Qg5 Rde6 28. b3 e4 29. R3e2 Re5 30. Rd2 R5e6 31. Rde2 1/2-1/2

[Event "ESP-ch Rapid"]
[Site "Linares"]
[Date "2023.08.19"]
[Round "10"]
[White "Perez Manas, Benjamin"]
[Black "Yuste Valenzuela, Alejandro"]
[Result "1-0"]
[WhiteElo "2210"]
[BlackElo "2144"]
[PlyCount "123"]
[EventDate "2023.08.19"]
[EventType "swiss (rapid)"]
[EventRounds "10"]
[EventCountry "ESP"]
[SourceTitle "CBM 215 Extra"]
[Source "ChessBase"]
[SourceDate "2023.09.30"]
[SourceVersion "1"]
[SourceVersionDate "2023.09.30"]
[SourceQuality "1"]

1. e4 c5 2. Nf3 Nc6 3. Bb5 g6 4. Bxc6 dxc6 5. d3 Bg7 6. 0-0 e5 7. Nbd2 Ne7 8. Nc4 Qc7 9. Be3 b6 10. a3 Be6 11. b4 cxb4 12. axb4 Bxc4 13. dxc4 0-0 14. Ra6 Rfd8 15. Qa1 c5 16. bxc5 bxc5 17. Qa3 Rdc8 18. Nd2 f5 19. Nb3 f4 20. Bxc5 Nc6 21. f3 Nd4 22. Bxd4 exd4 23. c5 Bf8 24. Ra5 h5 25. Rd1 h4 26. Rxd4 h3 27. gxh3 Qe7 28. Qa4 Qg5+ 29. Kh1 Qh5 30. Qc4+ Kh8 31. Qf1 Qh4 32. e5 Bg7 33. Re4 Re8 34. e6 Rad8 35. c6 Re7 36. Rc5 Rc8 37. Qg2 Rd8 38. Qf1 Rc8 39. Kg2 Bf6 40. Qd3 Rh7 41. Qe2 Qxh3+ 42. Kg1 Be7 43. Rcc4 Rh5 44. Re5 Rh7 45. Rd5 Kg8 46. c7 g5 47. Rd7 g4 48. Qg2 Qh6 49. Nd4 Qf6 50. fxg4 Rg7 51. h3 Qe5 52. Qe2 Qa5 53. Kh2 Qa3 54. Nf5 Rh7 55. Nxe7+ Kf8 56. Ng6+ Kg8 57. Rd8+ Kg7 58. Qe5+ Kxg6 59. Qf5+ Kh6 60. Qh5+ Kg7 61. Rd7+ Kf8 62. Rxf4+ 1-0

[Event "Andorra op 39th"]
[Site "Escaldes"]
[Date "2023.07.25"]
[Round "4"]
[White "Yuste Valenzuela, Alejandro"]
[Black "Shyam, Nikil P"]
[Result "0-1"]
[WhiteElo "2146"]
[BlackElo "2473"]
[PlyCount "70"]
[EventDate "2023.07.22"]
[EventType "swiss"]
[EventRounds "9"]
[EventCountry "AND"]
[SourceTitle "CBM 215 Extra"]
[Source "ChessBase"]
[SourceDate "2023.09.30"]
[SourceVersion "1"]
[SourceVersionDate "2023.09.30"]
[SourceQuality "1"]

1. e4 c5 2. Nf3 d6 3. d4 cxd4 4. Nxd4 Nf6 5. Nc3 a6 6. Rg1 e5 7. Nb3 h5 8. h3 h4 9. Bg5 Be7 10. Qd2 Nbd7 11. 0-0-0 b5 12. a3 Bb7 13. Kb1 Bxe4 14. Bxf6 Nxf6 15. f4 Bc6 16. Qe3 Qc7 17. Re1 e4 18. Nd4 d5 19. Nce2 Bd7 20. Qb3 Rb8 21. g3 b4 22. a4 hxg3 23. Rxg3 Ng8 24. f5 Rh7 25. Rg2 Bd6 26. Qe3 Bxa4 27. Nc1 Bd7 28. Be2 a5 29. Reg1 Bf4 30. Qf2 a4 31. Bd1 Bh6 32. Nce2 Kf8 33. Ng3 Qf4 34. Qe1 Qc1+ 35. Ka2 a3 0-1

[Event "Colonia de Sant Jordi op 2nd"]
[Site "Colonia de Sant Jordi"]
[Date "2023.06.10"]
[Round "1"]
[White "Yuste Valenzuela, Alejandro"]
[Black "Bauer, David1111"]
[Result "1-0"]
[WhiteElo "2125"]
[BlackElo "1747"]
[PlyCount "119"]
[EventDate "2023.06.10"]
[EventType "swiss"]
[EventRounds "9"]
[EventCountry "ESP"]
[SourceTitle "CBM 214 Extra"]
[Source "ChessBase"]
[SourceDate "2023.07.31"]
[SourceVersion "1"]
[SourceVersionDate "2023.07.31"]
[SourceQuality "1"]

1. e4 d6 2. d4 Nf6 3. Nc3 e5 4. Nf3 Nbd7 5. Bc4 Be7 6. a4 a5 7. 0-0 0-0 8. Re1 c6 9. h3 Qc7 10. b3 exd4 11. Nxd4 Ne5 12. Bf1 Re8 13. Bb2 Bf8 14. g3 Bd7 15. Bg2 Rad8 16. Rf1 Bc8 17. f4 Ng6 18. Qd3 d5 19. exd5 Nxd5 20. Nxd5 cxd5 21. Kh2 h5 22. Nb5 Qb8 23. Bd4 b6 24. f5 Ne5 25. Qc3 h4 26. Qc7 hxg3+ 27. Kh1 Ba6 28. Qxb8 Rxb8 29. Rfe1 Bxb5 30. Bxe5 Bc6 31. Bxb8 Rxb8 32. c4 Bd7 33. Bxd5 Bxf5 34. Kg2 Bb4 35. Rf1 Bg6 36. Kxg3 Re8 37. Rad1 Re7 38. h4 Bc2 39. Kf3 Bxd1+ 40. Rxd1 Re1 41. Rd3 Be7 42. Kg4 Rg1+ 43. Kh3 Re1 44. Bf3 Bc5 45. Rd8+ Kh7 46. h5 Re3 47. Kg4 f5+ 48. Kf4 Rxb3 49. Bd5 Re3 50. Bg8+ Kh6 51. Bf7 g5+ 52. hxg6 Kg7 53. Rc8 Re1 54. Kxf5 Rf1+ 55. Ke6 Re1+ 56. Kd5 Rd1+ 57. Kc6 Rd6+ 58. Kb5 Rxg6 59. Bxg6 Kxg6 60. Rxc5 1-0

[Event "ESP-ch Amateurs U2300"]
[Site "Murcia"]
[Date "2022.08.30"]
[Round "2.1"]
[White "Fernandez Barrera, Victor"]
[Black "Yuste Valenzuela, Alejandro"]
[Result "1-0"]
[WhiteElo "2294"]
[BlackElo "2090"]
[PlyCount "109"]
[EventDate "2022.08.30"]
[EventType "swiss"]
[EventRounds "7"]
[EventCountry "ESP"]
[SourceTitle "EXT 2024"]
[Source "ChessBase"]
[SourceDate "2023.10.10"]
[SourceVersion "1"]
[SourceVersionDate "2023.10.10"]
[SourceQuality "1"]

1. e4 c5 2. Nf3 d6 3. c3 Nf6 4. h3 g6 5. Bd3 Bg7 6. 0-0 0-0 7. Bc2 e5 8. d4 cxd4 9. cxd4 exd4 10. Nxd4 d5 11. e5 Ne4 12. f3 Ng3 13. Re1 Qh4 14. f4 Nh5 15. f5 Qg3 16. Re3 Qf4 17. Re2 Qg3 18. Qe1 Qxe1+ 19. Rxe1 Re8 20. Nf3 gxf5 21. Nc3 Be6 22. Nb5 Rc8 23. Nfd4 Nc6 24. Bxf5 Nxd4 25. Nxd4 Re8 26. g4 Ng3 27. Bf4 Bxf5 28. gxf5 Nh5 29. Bh2 Bh6 30. Nb5 Re7 31. Rad1 Rd8 32. f6 Re6 33. Nd4 Ree8 34. Nf5 Bf4 35. Ne7+ Kh8 36. Rxd5 Rxd5 37. Nxd5 Rg8+ 38. Kh1 Ng3+ 39. Bxg3 Bxg3 40. Re3 Rg5 41. e6 fxe6 42. Rxe6 Re5 43. Re7 h5 44. Nc3 h4 45. Ne4 Bf4 46. Kg2 Kg8 47. Kf3 Bh2 48. Rg7+ Kf8 49. Rxb7 Rf5+ 50. Ke2 Re5 51. Kd3 Rd5+ 52. Kc4 Re5 53. Nc5 Re2 54. b4 Be5 55. Nd7+ 1-0

[Event "ESP-ch 87th"]
[Site "Linares"]
[Date "2022.08.17"]
[Round "8"]
[White "Masague Artero, Guerau"]
[Black "Yuste Valenzuela, Alejandro"]
[Result "1/2-1/2"]
[WhiteElo "2319"]
[BlackElo "2090"]
[PlyCount "92"]
[EventDate "2022.08.11"]
[EventType "swiss"]
[EventRounds "9"]
[EventCountry "ESP"]
[SourceTitle "CBM 209 Extra"]
[Source "ChessBase"]
[SourceDate "2022.09.30"]
[SourceVersion "1"]
[SourceVersionDate "2022.09.30"]
[SourceQuality "1"]

1. d4 Nf6 2. c4 g6 3. Nc3 Bg7 4. e4 d6 5. h3 0-0 6. Be3 c5 7. Nf3 cxd4 8. Nxd4 Nc6 9. Be2 Bd7 10. 0-0 Nxd4 11. Bxd4 Bc6 12. Qc2 Nd7 13. Bxg7 Kxg7 14. b4 b6 15. Rad1 Qc7 16. Rfe1 Kg8 17. a3 a6 18. Bf1 Rfc8 19. Qb3 Nf6 20. Re3 Qb7 21. Rde1 e5 22. b5 Bd7 23. Rd1 axb5 24. Rxd6 Be6 25. Nd5 Bxd5 26. exd5 Ne8 27. Rc6 Rxc6 28. dxc6 Qxc6 29. cxb5 Qc5 30. Rc3 Qe7 31. a4 Nf6 32. Rc6 Nd7 33. Qc4 Nc5 34. Rxb6 Rxa4 35. Qd5 Rd4 36. Qc6 Ne4 37. g3 Kg7 38. Rb7 Qf6 39. Qxf6+ Kxf6 40. Rc7 Rb4 41. Rc6+ Ke7 42. b6 Nd6 43. Ba6 Kd7 44. Rc7+ Kd8 45. Rc6 Kd7 46. Rc7+ Kd8 1/2-1/2

[Event "Sueca op 6th"]
[Site "Sueca"]
[Date "2022.07.30"]
[Round "7"]
[White "Yuste Valenzuela, Alejandro"]
[Black "Gerona Maura, Jesus"]
[Result "1-0"]
[WhiteElo "2022"]
[BlackElo "1697"]
[PlyCount "49"]
[EventDate "2022.07.25"]
[EventType "swiss"]
[EventRounds "9"]
[EventCountry "ESP"]
[SourceTitle "CBM 209 Extra"]
[Source "ChessBase"]
[SourceDate "2022.09.30"]
[SourceVersion "1"]
[SourceVersionDate "2022.09.30"]
[SourceQuality "1"]

1. e4 Nf6 2. e5 Nd5 3. c4 Nb6 4. d4 d6 5. exd6 exd6 6. Bd3 Be7 7. Ne2 Nc6 8. 0-0 0-0 9. Nbc3 Bg4 10. Qc2 h6 11. a3 Bf6 12. Be3 Re8 13. h3 Bxe2 14. Nxe2 Bg5 15. Qd2 Bxe3 16. fxe3 Qg5 17. Rf3 Na5 18. Qc3 Rxe3 19. h4 Rxd3 20. Rxd3 Qg4 21. Ng3 Nc6 22. Rf1 Re8 23. Nf5 Qe2 24. Rg3 g6 25. Nxh6+ 1-0

[Event "Sueca op 6th"]
[Site "Sueca"]
[Date "2022.07.27"]
[Round "4"]
[White "Ilinca Ilinca, Felix Antonio"]
[Black "Yuste Valenzuela, Alejandro"]
[Result "1/2-1/2"]
[WhiteElo "2162"]
[BlackElo "2022"]
[PlyCount "91"]
[EventDate "2022.07.25"]
[EventType "swiss"]
[EventRounds "9"]
[EventCountry "ESP"]
[SourceTitle "CBM 209 Extra"]
[Source "ChessBase"]
[SourceDate "2022.09.30"]
[SourceVersion "1"]
[SourceVersionDate "2022.09.30"]
[SourceQuality "1"]

1. d4 Nf6 2. c4 c5 3. d5 b5 4. cxb5 a6 5. bxa6 g6 6. Nc3 Bg7 7. e4 0-0 8. Nf3 Qa5 9. a7 Nxe4 10. axb8Q Rxb8 11. Bd3 Nxc3 12. Qd2 Qb4 13. a3 Qb3 14. Bc2 Qc4 15. Bd3 Qb3 16. Bc2 Qc4 17. Bd3 Qg4 18. 0-0 Nxd5 19. Re1 d6 20. h3 Qd7 21. a4 Nb4 22. Bb5 Qc7 23. Qe2 e6 24. Be3 Bb7 25. Rad1 Bc6 26. Qd2 Bxb5 27. axb5 Rxb5 28. Bh6 Nd5 29. Bxg7 Kxg7 30. Re4 Qa5 31. Qg5 Rb4 32. Rde1 Qa4 33. R4e2 h6 34. Qg3 Nf4 35. Rd2 Re4 36. Re3 Qc4 37. Kh2 Rb8 38. Rxd6 Ne2 39. Rxe4 Qxe4 40. Qe5+ Qxe5+ 41. Nxe5 Rxb2 42. Rd7 Kf6 43. Ng4+ Kg7 44. Ne5 Kf6 45. Ng4+ Kg7 46. Ne5 1/2-1/2

[Event "ESP-ch U16"]
[Site "Salobrena"]
[Date "2021.07.22"]
[Round "6"]
[White "Yuste Valenzuela, Alejandro"]
[Black "Martinez Iglesias, Pablo"]
[Result "1-0"]
[WhiteElo "1803"]
[BlackElo "1597"]
[PlyCount "53"]
[EventDate "2021.07.19"]
[EventType "swiss"]
[EventRounds "9"]
[EventCountry "ESP"]
[SourceTitle "EXT 2022"]
[Source "ChessBase"]
[SourceDate "2021.10.06"]
[SourceVersion "1"]
[SourceVersionDate "2021.10.06"]
[SourceQuality "1"]

1. e4 c5 2. Nf3 d6 3. d4 cxd4 4. Nxd4 Nc6 5. Nc3 g6 6. Be3 Bg7 7. Bc4 Nf6 8. f3 Bd7 9. Qd2 a6 10. 0-0-0 b5 11. Bd5 Rc8 12. Nxc6 Bxc6 13. Kb1 Bxd5 14. Nxd5 Nxd5 15. exd5 Qc7 16. h4 h5 17. Rhe1 Qc4 18. Bg5 f6 19. Bf4 Kf7 20. Re4 Qc5 21. Rde1 Rc7 22. Be3 Qxc2+ 23. Qxc2 Rxc2 24. Kxc2 f5 25. Re6 Be5 26. Bg5 Rc8+ 27. Kb1 1-0

[Event "Valencia-ch B"]
[Site "Denia"]
[Date "2019.05.11"]
[Round "6"]
[White "Martinez Lopez, Jaime"]
[Black "Yuste Valenzuela, Alejandro"]
[Result "1/2-1/2"]
[WhiteElo "1983"]
[BlackElo "1768"]
[PlyCount "66"]
[EventDate "2019.05.04"]
[EventType "swiss"]
[EventRounds "7"]
[EventCountry "ESP"]
[SourceTitle "EXT 2024"]
[Source "ChessBase"]
[SourceDate "2023.10.10"]
[SourceVersion "1"]
[SourceVersionDate "2023.10.10"]
[SourceQuality "1"]

1. d4 Nf6 2. Nf3 g6 3. Bg5 Bg7 4. Nbd2 d6 5. e4 0-0 6. c3 Nbd7 7. Bc4 e5 8. dxe5 Nxe5 9. Nxe5 dxe5 10. 0-0 Qe7 11. Qe2 Be6 12. a4 Rad8 13. Rfd1 Rd7 14. Be3 a6 15. f3 Rfd8 16. a5 Ne8 17. b4 Nd6 18. Bb3 Nb5 19. Rdc1 Rxd2 20. Bxd2 Bxb3 21. Rab1 Be6 22. Be3 Qd7 23. Kf2 f5 24. Bc5 fxe4 25. fxe4 Qf7+ 26. Kg1 Bc4 27. Rd1 Rxd1+ 28. Qxd1 Nxc3 29. Qd8+ Bf8 30. Re1 Kg7 31. Bxf8+ Qxf8 32. Qxc7+ Qf7 33. Qxe5+ Qf6 1/2-1/2

[Event "Burjassot U2200 op 6th"]
[Site "Burjassot"]
[Date "2018.10.26"]
[Round "7"]
[White "Villanueva Molina, Fernando"]
[Black "Yuste Valenzuela, Alejandro"]
[Result "1/2-1/2"]
[WhiteElo "1694"]
[BlackElo "1388"]
[PlyCount "25"]
[EventDate "2018.09.07"]
[EventType "swiss"]
[EventRounds "7"]
[EventCountry "ESP"]
[SourceTitle "EXT 2024"]
[Source "ChessBase"]
[SourceDate "2023.10.10"]
[SourceVersion "1"]
[SourceVersionDate "2023.10.10"]
[SourceQuality "1"]

1. e4 c5 2. Nf3 d6 3. c3 Nf6 4. Bb5+ Bd7 5. Bxd7+ Nbxd7 6. d4 cxd4 7. Qxd4 g6 8. e5 dxe5 9. Nxe5 Bg7 10. 0-0 0-0 11. Re1 Nb6 12. Qh4 Qc8 13. Bh6 1/2-1/2